Statystyki dla najlepsze kluby pilkarskie

Kliknij tutaj aby rozwiązać quiz!

Ogólne statystyki

  • Ten quiz został rozwiązany 1 848 razy
  • Średni wynik to 12 z 15

Statystyki odpowiedzi

HintOdpowiedź% Poprawnych
hiszpaniareal m
99%
hiszpaniafc barcelona
95%
angliamanchester c
88%
francjapsg
88%
angliamanchester u
87%
polskalegia w
86%
wlochyjuventus
84%
niemcybayern m
83%
anglialiverpool
82%
niemcyborussia d
78%
hiszpaniaatletico m
71%
wlochynapoli
71%
wlochyinter m
66%
wlochymilan
64%
angliatotenham
26%

Rozkład punktacji

Percentyl według liczby udzielonych odpowiedzi

Procent ludzi z każdym wynikiem

Twoja historia wyników

Nie rozwiązałeś tego quizu